| 000 | 00638nam a2200217Ia 4500 | ||
|---|---|---|---|
| 003 | OSt | ||
| 005 | 20220124112018.0 | ||
| 008 | 210716s2006 xx 000 0 und d | ||
| 020 | _a8131404323 | ||
| 040 | _cAIMIT LIBRARY | ||
| 041 | _aeng | ||
| 082 |
_a332.024 _21 _bALAD |
||
| 100 |
_aAlagiri, Dhandapani. _914460 |
||
| 245 |
_aMoney laundering: _bIssues and perspectives /by _cEdited by Dhandapani Alagiri. |
||
| 250 | _a[1st ed.] | ||
| 260 |
_aHyderabad: _bICFAI University Press, _c2006. |
||
| 300 | _axvi,211p.;23cm. | ||
| 650 |
_aFinance _914461 |
||
| 700 |
_aAlagiri, Dhandapani. _914460 |
||
| 942 |
_2ddc _cBK _e1 _k332.024 ALAD |
||
| 999 |
_c202397 _d202397 |
||